000 00283nam a22001337a 4500
008 170801b xxu||||| |||| 00| 0 eng d
020 _a785342756258
041 _aeng
080 _a004
100 _a32
101 _aSHK
245 _aADOBE PAGEMAKER 7.0
_cADOBE
942 _2udc
_cBK
999 _c22336
_d22336